000 00469nam a2200193Ia 4500
003 GCL
008 140319s9999 xx 000 0 eng d
040 _aGCL /
_cGCL
082 0 4 _a745.5
_bM I
100 1 _aMARGETLS,MARTINA
245 1 0 _aINTERNATIONAL CRAFTS /
_cMARGETLS,MARTINA
260 _a[S.N] :
_bTHAMES AND HUDSON ،
_c1991
300 _a256 PP
650 0 4 _aARTS
650 0 4 _aCRAFTS
650 0 4 _aACT CRAFTS
650 0 4 _aART CRAFTS
942 _2ddc
_cBK
999 _c18831
_d18831